| 000 | 00767nam a2200241 a 4500 | ||
|---|---|---|---|
| 001 | BRCA_1555 | ||
| 005 | 20190320203452.0 | ||
| 008 | 950209s1994 mx-a---##b---#000-0#spa-# | ||
| 020 | _a9684113633 | ||
| 040 |
_aDLC _cDLC |
||
| 041 | _aspaeng | ||
| 050 | 4 |
_aN6559.V3 _b.R46 1994 |
|
| 245 | 1 | 0 |
_aRemedios Varo _bcatálogo razonado = Catalogue Raisonné _cRicardo Ovalle ... [et al.] |
| 260 |
_aSingapur _bEra _c1994 |
||
| 300 |
_a342 p. _bil. (algunas a color) _c30 cm. |
||
| 504 | _aBibliografía: p. 325-340 | ||
| 546 | _aTexto en : español e inglés | ||
| 600 | 1 | 4 |
_aVaro, Remedios _d1908-1963 _xCatálogo razonado _94989 |
| 650 | 1 | 4 |
_aSurrealismo _zMéxico _94990 |
| 700 | 1 |
_aVaro, Remedios _d1908-1963 _94991 |
|
| 700 | 1 |
_aOvalle, Ricardo _94992 |
|
| 942 |
_2lcc _cB |
||
| 999 |
_c1394 _d1394 |
||